000 01189nam a2200313 a 4500
001 000116116
003 CHAP
005 20220329144601.0
008 190911s2019 mx | |sm |||||||spa d
010 _a112577
011 _a113549
040 _cCHAP
090 _aTesis
100 1 _aHerrera Vazquez, Rosa Herminia.
_9136848
245 1 0 _aPeriodo de crecimiento (PECRE) y periodo húmedo (PEH) con escenarios de cambio climático para zonas agrícolas de la república mexicana
_h[En línea]
_cpor Rosa Herminia Herrera Vázquez.
260 _aChapingo, Méx. :
_bEl autor,
_c2019.
500 _aPara ver el contenido del material haga clic en la liga
502 _aTesis (Ingeniero en Recursos Naturales Renovables) -- UACH. Departamento de Suelos
590 _aBATCH-UPD
_b05
_c20190911
_lUCH01
_h1401
590 _aE6337LMJ
_b05
_c20190911
_lUCH01
_h1400
590 _aE6337LMJ
_b05
_c20190911
_lUCH01
_h1401
650 1 4 _aCambio climático
_xSuelos.
_917783
650 1 4 _aSuelos
_xBalance hídrico.
_9110215
650 1 4 _aSuelos
_xHumedad.
_9110391
856 _aFinding aid
_uhttp://10.13.5.2/tesis/sist116116.pdf
_zTeclea aquí
901 _aBK
942 _cTESIS
942 _n0
999 _c112577
_d112577